000
00303 a2200133 4500
001
62885
082
_a
620.11233 CHA
090
_c
37242
_d
37242
100
_a
Chakrabarty, J
245
_a
Theory of Plasticity, 2nd Ed
250
_a
2
260
_a
Singapore
_b
McGraw Hill
_c
1998
300
_a
804p
942
_a
NUST-CAE
_k
620.11233 CHA
999
_c
297958
_d
297958